Losowe piątki geograficzne - Statystyki

Ogólne statystyki
  • Ten quiz został rozwiązany 8 206 razy
  • Średni wynik to 18 z 30
Statystyki odpowiedzi
Kategoria Odpowiedź % Poprawnych
Najludniejsze kraje świata Chiny
96%
Państwa nordyckie Dania
95%
Państwa na literę D Dania
95%
Najludniejsze kraje świata Indie
95%
Państwa nordyckie Norwegia
95%
Państwa nordyckie Szwecja
95%
Najludniejsze miasta w Niemczech Berlin
94%
Państwa, w których leżą Himalaje Chiny
94%
Państwa nordyckie Finlandia
94%
Najludniejsze miasta w Japonii Tokio
93%
Państwa, w których leżą Himalaje Indie
92%
Sąsiedzi Chorwacji Słowenia
92%
Sąsiedzi Chorwacji Bośnia i Hercegowina
91%
Sąsiedzi Peru Brazylia
91%
Afrykańskie państwa nad Morzem Śródziemnym Egipt
91%
Państwa nordyckie Islandia
91%
Państwa, w których leżą Himalaje Nepal
91%
Najludniejsze kraje świata Stany Zjednoczone
91%
Sąsiedzi Peru Chile
90%
Afrykańskie państwa nad Morzem Śródziemnym Maroko
89%
Sąsiedzi Chorwacji Serbia
89%
Afrykańskie państwa nad Morzem Śródziemnym Algieria
88%
Afrykańskie państwa nad Morzem Śródziemnym Tunezja
87%
Sąsiedzi Peru Kolumbia
86%
Najludniejsze miasta w Kanadzie Ottawa
85%
Sąsiedzi Peru Boliwia
84%
Afrykańskie państwa nad Morzem Śródziemnym Libia
84%
Państwa nad Morzem Kaspijskim Rosja
84%
Sąsiedzi Peru Ekwador
82%
Najludniejsze miasta w Niemczech Monachium
82%
Sąsiedzi Chorwacji Czarnogóra
81%
Sąsiedzi Chorwacji Węgry
80%
Państwa o najwyższej oczekiwanej długości życia Japonia
79%
Stany USA nad Pacyfikiem Kalifornia
79%
Największe karaibskie wyspy Kuba
78%
Państwa, w których leżą Himalaje Bhutan
77%
Stany USA nad Zatoką Meksykańską Teksas
76%
Najmniej zaludnione państwa świata Watykan
76%
Najludniejsze miasta w Niemczech Hamburg
75%
Państwa, w których leżą Himalaje Pakistan
75%
Najczęściej używane języki romańskie Włoski
75%
Najczęściej używane języki romańskie Hiszpański
74%
Państwa na literę D Dominika
73%
Największe karaibskie wyspy Hispaniola
73%
Największe karaibskie wyspy Jamajka
73%
Państwa nad Morzem Kaspijskim Kazachstan
73%
Państwa na literę D Dominikana
72%
Sąsiedzi Kenii Etiopia
71%
Stany USA nad Zatoką Meksykańską Floryda
71%
Najczęściej używane języki romańskie Francuski
71%
Najludniejsze miasta w Kanadzie Toronto
71%
Sąsiedzi Kenii Tanzania
70%
Państwa nad Morzem Kaspijskim Azerbejdżan
68%
Sąsiedzi Kenii Somalia
68%
Najczęściej używane języki romańskie Portugalski
66%
Stany USA nad Pacyfikiem Waszyngton
65%
Najludniejsze kraje świata Indonezja
64%
Państwa nad Morzem Kaspijskim Iran
64%
Najludniejsze miasta w Niemczech Frankfurt
63%
Najczęściej używane języki romańskie Rumuński
63%
Państwa nad Morzem Kaspijskim Turkmenistan
62%
Sąsiedzi Kenii Uganda
62%
Państwa w regionie Mikronezji Palau
60%
Państwa na literę D Demokratyczna Republika Konga
59%
Najmniej zaludnione państwa świata San Marino
59%
Państwa w regionie Mikronezji Nauru
58%
Najludniejsze kraje świata Pakistan
58%
Państwa na literę D Dżibuti
57%
Państwa w regionie Mikronezji Wyspy Marshalla
54%
Stany USA nad Pacyfikiem Alaska
52%
Najludniejsze miasta w Niemczech Kolonia
52%
Najludniejsze miasta w Japonii Osaka
52%
Państwa w regionie Mikronezji Kiribati
51%
Państwa w regionie Mikronezji Mikronezja
51%
Najmniej zaludnione państwa świata Nauru
50%
Stany USA nad Pacyfikiem Hawaje
48%
Sąsiedzi Kenii Sudan Południowy
48%
Stany USA nad Pacyfikiem Oregon
46%
Najmniej zaludnione państwa świata Palau
44%
Stany USA nad Zatoką Meksykańską Luizjana
43%
Stany USA nad Zatoką Meksykańską Alabama
42%
Najmniej zaludnione państwa świata Tuvalu
41%
Najludniejsze miasta w Kanadzie Montreal
40%
Stolice na literę H Helsinki
38%
Największe karaibskie wyspy Trynidad
38%
Stany USA nad Zatoką Meksykańską Missisipi
33%
Stolice na literę H Hawana
32%
Wielkie Jeziora Michigan
32%
Stolice na literę H Hanoi
31%
Państwa o najwyższej oczekiwanej długości życia Szwajcaria
29%
Państwa o najwyższej oczekiwanej długości życia Singapur
28%
Wielkie Jeziora Górne
26%
Największe karaibskie wyspy Portoryko
26%
Najludniejsze miasta w Japonii Sapporo
26%
Państwa o najwyższej oczekiwanej długości życia Australia
25%
Wielkie Jeziora Erie
24%
Wielkie Jeziora Ontario
24%
Najludniejsze miasta w Kanadzie Calgary
17%
Najludniejsze miasta w Kanadzie Edmonton
17%
Wielkie Jeziora Huron
17%
Państwa o najwyższej oczekiwanej długości życia Hiszpania
13%
Stolice na literę H Honiara
13%
Najludniejsze miasta w Japonii Jokohama
13%
Najludniejsze miasta w Japonii Nagoja
13%
Stolice na literę H Harare
11%
Główne grupy klasyfikacji klimatów Köppena Suchy
10%
Główne grupy klasyfikacji klimatów Köppena Tropikalny
10%
Główne grupy klasyfikacji klimatów Köppena Kontynentalny
9%
Główne grupy klasyfikacji klimatów Köppena Polarny
9%
Główne grupy klasyfikacji klimatów Köppena Umiarkowany ciepły
4%
Nie znaleziono quizów pasujących do podanych kryteriów
Rozkład punktacji
Procent ludzi z każdym wynikiem
Percentyl według liczby udzielonych odpowiedzi
Twoja historia wyników
Nie rozwiązałeś tego quizu